Statistieken voor Landen van Zuid-Amerika

Klik hier om de quiz te nemen!

Algemene statistieken

  • Deze quiz is 1.146 keer genomen
  • De gemiddelde score is 10 van 12

Antwoorden op de kaart

Antwoorden kleurgecodeerd door een groen-rode schaal op de quizkaart volgens % correct hieronder.
 

Antwoordstatistieken

Land% Correct
Brazilië
99%
Argentinië
98%
Chili
96%
Peru
88%
Uruguay
87%
Colombia
85%
Venezuela
84%
Paraguay
83%
Bolivia
82%
Suriname
81%
Ecuador
75%
Guyana
62%

Scoreverdeling

Percentiel versus Aantal Correcte Antwoorden

Procent van Mensen met Elke Score

Uw Scoregeschiedenis

U heeft deze quiz nog niet genomen